Villa José Calderón Miranda : una experiencia de reparación a víctimas del terrorismo de Estado en Paine /

Durante la dictadura militar que tuvo lugar en Chile entre septiembre de 1973 y marzo de 1990, el país en su conjunto vivió un proceso inédito en su historia, dejando profundas\secuelas que subyacen hasta el día de hoy. Una vez constituido el nuevo Gobierno de facto tras el quiebre democrático de 19...

Full description

Bibliographic Details
Main Author: Fuenzalida Díaz, Estefanía
Other Authors: Ahumada Cabello, Rodrigo (profesor guía)
Format: Tesis
Language:Spanish
Published: Santiago, Chile Universidad Academia de Humanismo Cristiano 2014
Subjects:
Online Access:Disponible en línea (PDF). Biblioteca Digital UAHC.

MARC

LEADER 00000nmm a2200000 a 4500
001 048832
003 UAHC_CL
005 20210909180356.0
008 150128s2014 cl 000 spa
952 |0 0  |1 0  |4 0  |6 TTRASO_450_000000000000000  |7 0  |8 BAS  |9 87444  |a BC  |b BC  |c Referencia  |d 2017-08-03  |l 0  |o TTRASO 450  |p 1389101  |r 2019-01-02 00:00:00  |t 1  |w 2017-08-03  |y TS  |B TSOC 
999 |c 48832  |d 48832 
040 |a UAHC_CL  |c UAHC_CL  |d UAHC_CL 
100 1 |a Fuenzalida Díaz, Estefanía 
245 1 0 |a Villa José Calderón Miranda :  |b una experiencia de reparación a víctimas del terrorismo de Estado en Paine /  |c Estefanía Fuenzalida, profesor guía Rodrigo Ahumada. 
260 |b Universidad Academia de Humanismo Cristiano  |a Santiago, Chile  |c 2014 
300 |a cd room 
300 |a CD-ROM 
500 |a Tesis para optar al título de Asistente Social y al grado de Licenciado en Trabajo Social. 
502 |a Tesis (Asistente Social) -Universidad Academia de Humanismo Cristiano, 2014. 
516 |a Tesis electrónica (PDF) 
520 |a Durante la dictadura militar que tuvo lugar en Chile entre septiembre de 1973 y marzo de 1990, el país en su conjunto vivió un proceso inédito en su historia, dejando profundas\secuelas que subyacen hasta el día de hoy. Una vez constituido el nuevo Gobierno de facto tras el quiebre democrático de 1973, se establecieron formas de control social y de represión a la disidencia que constituyeron graves violaciones a los derechos humanos. Este proceso sufrió diversas variaciones en virtud del momento que se vivía. En una primera instancia los hechos represivos fueron masivos y visibles mientras que en una segunda etapa fueron más selectivos y menos\evidentes. Sin embargo, las prácticas represivas utilizadas por la dictadura fueron comunes durante todo el periodo, siendo las más utilizadas las ejecuciones, desaparecimiento forzoso de personas, tortura, persecución y expulsión del país, exoneración, acoso y hostigamiento, entre muchas otras. 
650 4 |a REPRESION (PSICOLOGIA)  |x TORTURA  |z CHILE 
650 4 |a TERRORISMO DE ESTADO  |x ASPECTOS PSICOLOGICOS 
653 |a TRABAJO SOCIAL 
700 1 |a Ahumada Cabello, Rodrigo  |e profesor guía 
856 |u http://bibliotecadigital.academia.cl/xmlui/handle/123456789/3136  |y Disponible en línea (PDF). Biblioteca Digital UAHC. 
900 |a TTRASO 450 
942 |c TS